Państwa, w których są Góry Dynarskie - Statystyki

Ogólne statystyki
  • Ten quiz został rozwiązany 18 razy
  • Średni wynik to 7 z 7
Statystyki odpowiedzi
Państwo % Poprawnych
Albania
100%
Bośnia i Hercegowina
100%
Chorwacja
100%
Słowenia
100%
Czarnogóra
93%
Serbia
93%
Kosowo
86%
Nie znaleziono quizów pasujących do podanych kryteriów
Rozkład punktacji
Procent ludzi z każdym wynikiem
Percentyl według liczby udzielonych odpowiedzi
Twoja historia wyników
Nie rozwiązałeś tego quizu